LEADER 00786nam a2200229 i 4500 001 991004347037407536 005 20241023133221.0 008 241023s1979 it e 001 0 ita d 040 $aBibl. Dip.le Aggr. Scienze Umane e Sociali$bita$cSocioculturale Scs 041 1 $aita$hfre 082 04$a321.07$223 100 1 $aBaczko, Bronislaw$0469242 240 10$aLumières de l'utopie$917111 245 12$aL'utopia :$bimmaginazione sociale e rappresentazioni utopiche nell'età dell'illuminismo /$cBonishaw Baczko 260 $aTorino :$bG. Einaudi,$c1979 300 $aVI, 459 p. ;$c21 cm 490 1 $aEinaudi paperbacks ;$v108 650 4$aUtopia$vSaggi 830 0$aEinaudi paperbacks ;$v108 912 $a991004347037407536 996 $aLumieres de l'utopie$917111 997 $aUNISALENTO